banner koha

Cerrado surpreende mais uma vez (Registro n. 300471)

MARC details
000 -LÍDER
fixed length control field 01057nab a2200349 4500
003 - CÓDIGO MARC DA AGÊNCIA CATALOGADORA
Campo de controle BR-BrBNA
005 - DATA E HORA DA ÚLTIMA ATUALIZAÇÃO
Campo de controle 20240814145907.0
008 - CAMPO DE TAMANHO FIXO
fixed length control field 240710b bl.||||| |||| 00| 0 por d
040 ## - FONTE DA CATALOGAÇÃO
Agência catalogadora BR-BrBNA
Idioma da catalogação por
072 ## - CATEGORIA AGRIS
Código AGRIS F01 ; P06 ; F30
Código do objeto 0230
100 ## - ENTRADA PRINCIPAL - NOME PESSOAL
Nome pessoal Melo, Janete
245 ## - TÍTULO PRINCIPAL
Título principal Cerrado surpreende mais uma vez
Subtítulo Bioenergia
500 ## - NOTA GERAL
Nota geral 3 illus.
942 ## - ADDED ENTRY ELEMENTS (KOHA)
Koha item type
650 ## - ASSUNTO - THESAGRO
Cabeçalho tópico ou nome geográfico CANA DE AÇÚCAR
650 ## - ASSUNTO - THESAGRO
Cabeçalho tópico ou nome geográfico CERRADO
650 ## - ASSUNTO - THESAGRO
Cabeçalho tópico ou nome geográfico BIOENERGIA
650 ## - ASSUNTO - THESAGRO
Cabeçalho tópico ou nome geográfico PRODUTO DE ORIGEM VEGETAL
650 ## - ASSUNTO - THESAGRO
Cabeçalho tópico ou nome geográfico AÇÚCAR
650 ## - ASSUNTO - THESAGRO
Cabeçalho tópico ou nome geográfico ÁLCOOL MOTOR
650 ## - ASSUNTO - THESAGRO
Cabeçalho tópico ou nome geográfico CACHAÇA
650 ## - ASSUNTO - THESAGRO
Cabeçalho tópico ou nome geográfico RAPADURA
650 ## - ASSUNTO - THESAGRO
Cabeçalho tópico ou nome geográfico RAÇÃO
650 ## - ASSUNTO - THESAGRO
Cabeçalho tópico ou nome geográfico MUDA
650 ## - ASSUNTO - THESAGRO
Cabeçalho tópico ou nome geográfico PESQUISA
650 ## - ASSUNTO - THESAGRO
Cabeçalho tópico ou nome geográfico MELHORAMENTO GENÉTICO VEGETAL
650 ## - ASSUNTO - THESAGRO
Cabeçalho tópico ou nome geográfico VARIEDADE
650 ## - ASSUNTO - THESAGRO
Cabeçalho tópico ou nome geográfico CONDIÇÃO AMBIENTAL
650 ## - ASSUNTO - THESAGRO
Cabeçalho tópico ou nome geográfico PRODUÇÃO
773 0# - ENTRADA ANALÍTICA
Host Biblionumber 4604
Registro do item 317192
Imprenta Palmas - Tocantins Terranova Gráfica e Editora Jornalística Ltda 2005
Outro identificador 2024-3816
Título Cerrado Rural Agronegócios (Brazil)
ISSN 1980-2595
Colação v. 4(21) p. 20-22; (Oct 2006)
Número de controle de registro BR2024001919

Nenhum exemplar disponível.

BINAGRI

Telefone: (61)3218-2567/2388/3357/2097 - binagri@agro.gov.br

Ministério da Agricultura e Pecuária , Esplanada dos Ministérios, Bloco D, Anexo B, Brasília/DF, CEP: 70.043-900